01110nam a2200313 a 4500001001000000003000900010005001700019008003100036020001800067040002500085082002700110100002900137245006800166246005300234250002800287260003400315300002100349504003200370590002600402650003700428650002700465650002800492650002300520710004400543910004000587942001200627952014000639999001700779000038503DO-SdBNP20240830133854.0090717s2012 dr 000 0 spa d z9789945447545 aDO-SdBNPbspacBPMSU 4a460.7bM385L, 20122221 aMartínez Montero, Juan10aLenguaje, gramática y redacción /cJuan Martínez Montero.14aHable correctamente y escriba sin incertidumbre. a4a ed. ampliada y corr. aSanto Domingo :bUASD,c2012. a415 p. ;c22 cm. aBibliografía : p. 413-415 aInventariado, 2024/VM 4aEspañolxEstudio y enseñanza 4aEspañolxGramática 4aEspañolxOrtografía 4aLenguaje y lenguas2 aUniversidad Autónoma de Santo Domingo aVMateo V. Control de calidad BPMSU  2ddccBK 00102ddc40708CDaBPMETbBPMETd2024-08-30eLaura Garcíal0oBPMSU CD 460.7 M385L, 2012pBPMSU24080055r2024-08-30w2024-08-30yBK c14792d14792